01210cam a2200181 i 4500999001700000020001800017082001700035100002700052245005600079250001200135260003300147300001600180504005100196520060100247650004100848942001200889952012700901 c37675d37675 a978103223435900a325.2bCOH-G1 aCohen, Robin,eauthor.10aGlobal diasporas :ban introduction /cRobin Cohen. a2nd ed. aNew York :bRoutledge,c2022 axiv, 211p.; aIncludes bibliographical references and index. aThe book features insightful case studies and compares a wide range of diasporas, including Jewish, Armenian, African, Sikh, Chinese, British, Indian, Lebanese, Afghan and Caribbean peoples. This edition also retains Cohen’s rich historical and sociological descriptions and clear yet elegant writing, as well as his modified concept of ‘diasporic rope’ linking different features of diasporas. This updated edition of the definitive textbook in the field will be an indispensable guide for students and instructors seeking to explore the complex issues of diaspora, migration and identity 0aEmigration and immigrationxHistory. 2ddccBK 00104070aNASSDOCbNASSDOCd2023-03-16eOverseasg0.00l0o325.2 COH-Gp53060r2023-04-24 00:00:00v0.00w2023-04-24yBK